01497nam a2200349 a 4500001001000000003000500010005001700015008004100032010001100073011001100084040000900095090001000104100004200114245018000156260004100336500006000377502007700437590004100514590003900555590003900594650003700633650002800670650002900698650003200727856007000759901000700829942001000836942000600846999001900852952013600871952014001007000110401CHAP20220329144131.0140826s2014 mx | |sm |||||||spa|d a106863 a107835 cCHAP aTesis1 aSantillán Castillo, Rubén912788210aComparación de los genes IPT y ESR1 como inductores de organogénesis en cultivos in vitro de tabaco (nicotiana tabacum L.)h[En línea]cpor Rubén Santillán Castillo. aChapingo, Méx. :bEl autor,c2014. aPara ver el contenido del material haga clic en la liga aTesis (Ing. Agr. Esp. en Fitotecnia) -- UACH. Departamento de Fitotecnia aBATCH-UPDb05c20141002lUCH01h0905 aE792CSJb05c20140826lUCH01h0839 aE792CSJb05c20140826lUCH01h083914aCobrexEfecto en plantas.92418614aOrganogénesis.98356414aTabacoxCultivo.912541014aTabacoxGenética.9111222 aFinding aiduhttp://10.13.5.2/tesis/sist110401.pdfzTeclea aquí aBK cTESIS n0 c106863d106863 00104054718TESISaBCbBCd2014-08-26fTESISl0oTesisp33724002418561r2019-12-31 00:00:00w2019-12-31yTESISzRecien adquirido 00102local4053708TESISaBCbBCcPA_TESISd2014-08-26fTESISl0oTesisp33724002418603r2019-12-31 00:00:00tc.2w2019-12-31yTESIS